000 014400000a22003370004500
003 EG-GICUC
005 20250223025108.0
008 071216s2007 ua d f m 000 0 eng d
040 _aEG-GICUC
_beng
_cEG-GICUC
041 0 _aEng
049 _aDeposite
097 _aM.Sc
099 _aCai01.20.03.M.Sc.2007.Mo.S
100 0 _aMohammed Abdo Mohammed Mahdi
245 1 0 _aSecurity over code division multiple access network CDMA /
_cMohammed Abdo Mohammed Mahdi ; Supervised Salwa Saad Elgamal , Mohamed Mahmoud AbdEldayem
246 1 5 _aتامين الشبكات متعددة الدخول باستخدام التقسيم الرمزى
260 _aCairo :
_bMohammed Abdo Mohammed Mahdi ,
_c2007
300 _a162P. :
_bcharts ;
_c30cm
502 _aThesis (M.Sc.) - Cairo University - Faculty Of Computers and Information - Department Of Computer Science
520 _aNowadays CDMA mobile network is used in many countries around the world , therefore its security system is a hot topic.Authentication and encryption are the most important security techniques used by CDMA mobile network
530 _aIssued also as CD
653 4 _aCDMA
653 4 _aNetwork
653 4 _aSecurity
700 0 _aMohamed Mahmoud AbdEldayem ,
_eSupervisor
700 0 _aSalwa Saad Elgamal ,
_eSupervisor
856 _uhttp://172.23.153.220/th.pdf
905 _aEnas
_eCataloger
905 _aMustafa
_eRevisor
942 _2ddc
_cTH
999 _c5518
_d5518